| 000 | 00709nam a2200217 u 4500 | ||
|---|---|---|---|
| 005 | 20220815112227.0 | ||
| 008 | 121120s2010 r 000 0 eng d | ||
| 020 | _a9789871566501 | ||
| 035 | _aUPN01000188707 | ||
| 049 | _aCG | ||
| 050 | 4 |
_aQC981.8 C5 _bW4.3 |
|
| 100 | 1 |
_aWelzer, Harald, _d1958- _932972 |
|
| 245 | 1 | 0 |
_aGuerras climáticas : _bpor qué mataremos (y nos matarán) en el siglo XXI / _cHarald Welzer ; tr. Alejandra Obermeier. |
| 260 |
_aBuenos Aires : _bKatz, _c2010. |
||
| 300 | _a342 p. | ||
| 440 | 0 |
_aDiscusiones ; _v2034 |
|
| 650 | 7 |
_aCambios climáticos _xAspectos sociales _2 _916264 |
|
| 650 | 4 |
_aCALENTAMIENTO GLOBAL _98763 |
|
| 650 | 4 |
_aDETERIORO AMBIENTAL _917062 |
|
| 905 | _aLibro | ||
| 999 |
_c160810 _d160810 |
||